[Event "Linares (zt)"]
[Site "?"]
[Date "1995.??.??"]
[Round "?"]
[White "Sadler, M."]
[Black "van der Sterren, P."]
[Result "0-1"]
[WhiteElo "2565"]
[BlackElo "2545"]
[PlyCount "121"]
[EventDate "1995.??.??"]
[Source "ChessBase"]
[SourceDate "1995.10.01"]

1. d4 d5 2. c4 e6 3. Nc3 Nf6 4. Bg5 Be7 5. e3 O-O 6. Nf3 h6 7. Bxf6 Bxf6 8. Qd2 dxc4 9. Bxc4 Nd7 10. O-O-O g6 11. h4 Bg7 12. Kb1 a6 13. Bb3 Qe7 14. Rc1 b6 15. Ne2 c5 16. Nf4 Bb7 17. d5 exd5 18. Bxd5 Bxd5 19. Qxd5 Nf6 20. Qc4 Qe4+ 21. Rc2 Rfd8 22. Kc1 Qxc4 23. Rxc4 Rac8 24. Rd1 Rxd1+ 25. Kxd1 b5 26. Rc2 Ne4 27. Ke2 Rd8 28. Ne1 c4 29. Nf3 Nc5 30. Nd4 Bxd4 31. exd4 Rxd4 32. g3 Kg7 33. Rc1 Kf6 34. b3 Ke5 35. bxc4 Rxc4 36. Rd1 Rc2+ 37. Ke3 Rc3+ 38. Ke2 Rc2+ 39. Ke3 Rc3+ 40. Ke2 Ke4 41. Rd2 Ra3 42. h5 gxh5 43. Nxh5 Ke5 44. Nf4 Ne4 45. Rd5+ Kf6 46. Rd4 Rxa2+ 47. Ke3 Ng5 48. Nd5+ Kg7 49. Rd1 Ne6 50. g4 a5 51. f4 b4 52. Rb1 Ra3+ 53. Ke4 Ra2 54. Ke5 Re2+ 55. Kd6 Rd2 56. Kc6 b3 57. f5 Nd4+ 58. Kc5 b2 59. Nc3 Nf3 60. Na4 Ne5 61. Kb5 0-1

[Event "MK Cafe Cup-A"]
[Site "Koszalin"]
[Date "1999.08.08"]
[Round "6"]
[White "Gritsak, Orest"]
[Black "Kharitonov, Andrei Y"]
[Result "0-1"]
[WhiteElo "2550"]
[BlackElo "2559"]
[PlyCount "86"]
[EventDate "1999.08.03"]
[Source "ChessBase"]
[SourceDate "1999.12.01"]

1. d4 d5 2. c4 e6 3. Nc3 Nf6 4. Bg5 Be7 5. e3 O-O 6. Nf3 h6 7. Bxf6 Bxf6 8. Rc1 c6 9. Bd3 Nd7 10. O-O a6 11. Qe2 Be7 12. Rfd1 f5 13. c5 Qc7 14. Na4 Rb8 15. Qc2 g6 16. g3 e5 17. dxe5 Nxe5 18. Nd4 Bd7 19. Be2 Rbe8 20. Nb6 Bf6 21. b4 Bg7 22. a4 g5 23. b5 axb5 24. axb5 f4 25. exf4 gxf4 26. Nxd7 Qxd7 27. bxc6 bxc6 28. Rb1 Qf7 29. Rb3 fxg3 30. Rxg3 Qxf2+ 31. Kh1 Re7 32. Bh5 Qxc2 33. Nxc2 Rf5 34. Be2 Rf4 35. Nd4 Kh8 36. Bh5 Bf6 37. Re3 Rb7 38. Re2 Rh4 39. Rf2 Rxh5 40. Rxf6 Rb2 41. Rf8+ Kh7 42. Re1 Rbxh2+ 43. Kg1 Rh1+ 0-1

[Event "Latin Am zt9 f corr"]
[Site "?"]
[Date "1994.??.??"]
[Round "?"]
[White "Blanco Gramajo, Cesar Augusto"]
[Black "Piccon, Carlos Alberto"]
[Result "1/2-1/2"]
[WhiteElo "2460"]
[BlackElo "2520"]
[PlyCount "52"]
[EventDate "1994.??.??"]
[Source "www.chesslib.no"]
[SourceDate "2004.05.04"]

1. d4 d5 2. c4 e6 3. Nc3 Nf6 4. Bg5 Be7 5. e3 O-O 6. Nf3 h6 7. Bxf6 Bxf6 8. Qb3 c6 9. Rd1 a5 10. Bd3 a4 11. Qc2 a3 12. b3 Na6 13. Qd2 Nb4 14. Bb1 b6 15. h4 Ba6 16. g4 dxc4 17. bxc4 Be7 18. g5 h5 19. Ne5 g6 20. Ne4 c5 21. Rg1 Qc7 22. Nf6+ Kg7 23. Qc3 cxd4 24. Qxd4 Rad8 25. Nfd7 Kg8 26. Qe4 Nd5 1/2-1/2

[Event "Bad Mergentheim Open"]
[Site "Bad Mergentheim"]
[Date "1988.??.??"]
[Round "?"]
[White "Simic, Radoslav"]
[Black "Komljenovic, Davor"]
[Result "1/2-1/2"]
[WhiteElo "2515"]
[BlackElo "2440"]
[PlyCount "28"]
[EventDate "1988.??.??"]
[Source "www.chesslib.no"]
[SourceDate "2004.05.04"]

1. d4 d5 2. c4 e6 3. Nc3 Nf6 4. Bg5 Be7 5. e3 O-O 6. Nf3 h6 7. Bxf6 Bxf6 8. Rc1 c6 9. Bd3 Nd7 10. O-O dxc4 11. Bxc4 e5 12. h3 exd4 13. exd4 Nb6 14. Bb3 Re8 1/2-1/2

[Event "Montpellier zt"]
[Site "Montpellier FRA"]
[Date "1985.??.??"]
[Round "?"]
[White "Kouatly, Bachar"]
[Black "Van der Sterren, Paul"]
[Result "1/2-1/2"]
[WhiteElo "2460"]
[BlackElo "2450"]
[PlyCount "66"]
[EventDate "1985.??.??"]
[Source "www.chesslib.no"]
[SourceDate "2004.05.04"]

1. d4 d5 2. c4 e6 3. Nc3 Nf6 4. Bg5 Be7 5. e3 O-O 6. Nf3 h6 7. Bxf6 Bxf6 8. Qc2 c5 9. dxc5 dxc4 10. Bxc4 Qa5 11. O-O Bxc3 12. Qxc3 Qxc3 13. bxc3 Nd7 14. c6 bxc6 15. Rab1 Nb6 16. Be2 c5 17. Rfc1 Bd7 18. Kf1 Rfd8 19. Bb5 Kf8 20. Ke2 Ke7 21. Ne5 Bxb5+ 22. Rxb5 Rd5 23. f4 f6 24. c4 Rd6 25. Nd3 Rad8 26. Rc3 R6d7 27. Ra5 Rc8 28. Nb2 g5 29. Rca3 Rcc7 30. Rd3 Rxd3 31. Kxd3 f5 32. Kc3 Nd7 33. Nd3 g4 1/2-1/2

[Event "Wch sf corr"]
[Site "Wch sf corr"]
[Date "1987.??.??"]
[Round "?"]
[White "Miskovsky, Pavel"]
[Black "Ugge, Alexander J"]
[Result "1/2-1/2"]
[WhiteElo "2505"]
[BlackElo "2395"]
[PlyCount "101"]
[EventDate "1987.??.??"]
[Source "www.chesslib.no"]
[SourceDate "2004.05.04"]

1. d4 d5 2. c4 e6 3. Nc3 Nf6 4. Bg5 Be7 5. e3 O-O 6. Nf3 h6 7. Bxf6 Bxf6 8. Rc1 c6 9. Bd3 Nd7 10. O-O dxc4 11. Bxc4 e5 12. h3 exd4 13. exd4 Nb6 14. Bb3 Bf5 15. Re1 a5 16. Ne5 Bxe5 17. Rxe5 Bg6 18. a3 Qd6 19. Qg4 Nd7 20. Re3 Rae8 21. Rce1 Rxe3 22. Rxe3 Kh8 23. Ne2 Nf6 24. Qf4 Qd8 25. Nc3 Qd7 26. Re5 Qd6 27. Qe3 b5 28. Ne2 Rd8 29. f4 a4 30. Ba2 Nd7 31. Re8+ Nf8 32. Rxd8 Qxd8 33. Nc3 Ne6 34. Bxe6 fxe6 35. Qe5 Qf6 36. g3 Qf5 37. Qxf5 Bxf5 38. g4 Bd3 39. Kf2 Kg8 40. h4 Kf7 41. Ke3 Bf1 42. Ke4 Kf6 43. Kf3 Bc4 44. Ne4+ Ke7 45. Ng3 Bd5+ 46. Ke3 Bb3 47. Ke4 Kd6 48. f5 Bc2+ 49. Kf4 Kd5 50. h5 Bb3 51. fxe6 1/2-1/2

[Event "NED Ch"]
[Site "Hilversum NED"]
[Date "1985.??.??"]
[Round "4"]
[White "Ligterink, Gert"]
[Black "Van der Sterren, Paul"]
[Result "1/2-1/2"]
[WhiteElo "2450"]
[BlackElo "2450"]
[PlyCount "56"]
[EventDate "1985.??.??"]
[Source "www.chesslib.no"]
[SourceDate "2004.05.04"]

1. d4 d5 2. c4 e6 3. Nc3 Nf6 4. Bg5 Be7 5. e3 O-O 6. Nf3 h6 7. Bxf6 Bxf6 8. Qd2 Nc6 9. Rc1 a6 10. Be2 dxc4 11. Bxc4 e5 12. d5 Na7 13. Qc2 Nb5 14. Bxb5 axb5 15. a3 c5 16. dxc6 bxc6 17. O-O Be6 18. Rfd1 Qe7 19. Ne4 b4 20. Nxf6+ gxf6 21. a4 c5 22. Nd2 Rfd8 23. b3 Kg7 24. h3 Rac8 25. Nc4 Bxc4 26. Qxc4 Qe6 27. Rxd8 Qxc4 28. Rxc4 Rxd8 1/2-1/2

[Event "Ostende"]
[Site "Ostende"]
[Date "1984.??.??"]
[Round "5"]
[White "Andruet, Gilles"]
[Black "Van der Sterren, Paul"]
[Result "0-1"]
[WhiteElo "2420"]
[BlackElo "2475"]
[PlyCount "56"]
[EventDate "1984.??.??"]
[Source "www.chesslib.no"]
[SourceDate "2004.05.04"]

1. d4 d5 2. c4 e6 3. Nc3 Nf6 4. Bg5 Be7 5. e3 O-O 6. Nf3 h6 7. Bxf6 Bxf6 8. Qc2 Nc6 9. O-O-O b6 10. h4 Bb7 11. Rh3 Nb4 12. Qb3 c5 13. g4 g6 14. g5 hxg5 15. hxg5 Bg7 16. dxc5 bxc5 17. a3 a5 18. axb4 axb4 19. Nb1 Bc6 20. Rd2 Qc7 21. Nh2 Ra1 22. Ng4 Rfa8 23. cxd5 exd5 24. Nf6+ Bxf6 25. gxf6 Rxb1+ 26. Kxb1 Qa5 27. Bb5 Bxb5 28. Qxd5 b3 0-1

[Event "BLR-ch"]
[Site "?"]
[Date "2002.02.25"]
[Round "10"]
[White "Alekseev Vadim"]
[Black "Azarov Sergei"]
[Result "1/2-1/2"]
[WhiteElo "2389"]
[BlackElo "2505"]
[PlyCount "39"]
[EventDate "2002.??.??"]
[Source "www.chesslib.no"]
[SourceDate "2004.05.04"]

1. d4 d5 2. c4 e6 3. Nc3 Nf6 4. Bg5 Be7 5. e3 O-O 6. Nf3 h6 7. Bxf6 Bxf6 8. Qb3 dxc4 9. Bxc4 Nc6 10. Be2 b6 11. O-O Bb7 12. Rfd1 g6 13. Rac1 Bg7 14. a3 Qe7 15. Qa4 Nb8 16. e4 a6 17. e5 Nd7 18. b4 Rfd8 19. Qb3 Rab8 20. a4 1/2-1/2

[Event "UKR Ch"]
[Site "Kharkov UKR"]
[Date "1988.??.??"]
[Round "1"]
[White "Neverov, Valeriy"]
[Black "Kruppa, Yuri"]
[Result "1/2-1/2"]
[WhiteElo "2440"]
[BlackElo "2435"]
[PlyCount "31"]
[EventDate "1988.??.??"]
[Source "www.chesslib.no"]
[SourceDate "2004.05.04"]

1. d4 d5 2. c4 e6 3. Nc3 Nf6 4. Bg5 Be7 5. e3 O-O 6. Nf3 h6 7. Bxf6 Bxf6 8. Rc1 c6 9. Bd3 Nd7 10. O-O dxc4 11. Bxc4 e5 12. Ne4 exd4 13. Nxf6+ Nxf6 14. Qxd4 Bg4 15. Qxd8 Rfxd8 16. Rfd1 1/2-1/2

[Event "SWE Ch"]
[Site "Norrkoeping"]
[Date "1988.??.??"]
[Round "?"]
[White "Wiedenkeller, Michael"]
[Black "Renman, Nils-Gustaf"]
[Result "1/2-1/2"]
[WhiteElo "2435"]
[BlackElo "2425"]
[PlyCount "39"]
[EventDate "1988.07.??"]
[Source "www.chesslib.no"]
[SourceDate "2004.05.04"]

1. d4 d5 2. c4 e6 3. Nc3 Nf6 4. Bg5 Be7 5. e3 O-O 6. Nf3 h6 7. Bxf6 Bxf6 8. Qc2 c5 9. dxc5 dxc4 10. Bxc4 Qa5 11. O-O Bxc3 12. Qxc3 Qxc3 13. bxc3 Nd7 14. c6 bxc6 15. Rab1 Nb6 16. Be2 c5 17. Rfc1 Bd7 18. Bb5 Rfd8 19. Kf1 Rab8 20. Ke1 1/2-1/2

[Event "world Ch"]
[Site "corr world ch."]
[Date "1989.??.??"]
[Round "?"]
[White "Hermlin, Aarne"]
[Black "Klaic, Pero"]
[Result "1/2-1/2"]
[WhiteElo "2485"]
[BlackElo "2365"]
[PlyCount "47"]
[EventDate "1989.??.??"]
[Source "www.chesslib.no"]
[SourceDate "2004.05.04"]

1. d4 d5 2. c4 e6 3. Nc3 Nf6 4. Bg5 Be7 5. e3 O-O 6. Nf3 h6 7. Bxf6 Bxf6 8. Rc1 c6 9. Bd3 Nd7 10. O-O dxc4 11. Bxc4 e5 12. h3 exd4 13. exd4 Nb6 14. Bb3 Bf5 15. Re1 Qd6 16. Ne5 Rad8 17. Qh5 Bxe5 18. dxe5 Qg6 19. Qxg6 Bxg6 20. g4 Rfe8 21. f4 Bd3 22. e6 Bc4 23. Bxc4 Nxc4 24. b3 1/2-1/2

[Event "Lost Boys op"]
[Site "Amsterdam"]
[Date "2002.07.26"]
[Round "1"]
[White "Halkias, Stelios"]
[Black "Dambacher, Martyn"]
[Result "1/2-1/2"]
[WhiteElo "2550"]
[BlackElo "2297"]
[PlyCount "133"]
[EventDate "2002.07.26"]
[Source "ChessBase"]
[SourceDate "2002.09.11"]

1. d4 d5 2. c4 e6 3. Nc3 Nf6 4. Bg5 Be7 5. e3 O-O 6. Nf3 h6 7. Bxf6 Bxf6 8. Rc1 Nc6 9. a3 dxc4 10. Bxc4 e5 11. d5 Ne7 12. Nd2 Nf5 13. O-O Nd6 14. Bd3 Be7 15. Qb3 Bd7 16. Nf3 Bf6 17. Ne4 Nxe4 18. Bxe4 b6 19. h3 Re8 20. Rfd1 Be7 21. Qc2 Bd6 22. Bh7+ Kh8 23. Bf5 Bb5 24. Nd2 g6 25. Bd3 Bd7 26. Ne4 Kg7 27. Qe2 Re7 28. Rc3 Bf5 29. Nxd6 Bxd3 30. Qxd3 cxd6 31. Rdc1 Rd7 32. Qc2 Qe7 33. e4 Rf8 34. Rc7 Rfd8 35. g3 Rxc7 36. Qxc7 Rd7 37. Qc8 Rb7 38. b4 Qd7 39. Qc6 Qe7 40. Kg2 Qd7 41. Rc3 Qe7 42. h4 f5 43. f3 Rd7 44. Qc8 Qf7 45. a4 h5 46. a5 bxa5 47. bxa5 Re7 48. a6 Rd7 49. Rc2 Re7 50. Qb8 Rd7 51. Rb2 fxe4 52. fxe4 g5 53. Rf2 Qg6 54. Qf8+ Kh7 55. hxg5 Qxg5 56. Rf7+ Rxf7 57. Qxf7+ Qg7 58. Qxh5+ Kg8 59. Qe8+ Kh7 60. Qh5+ Kg8 61. Kh3 Qc7 62. Qe8+ Kg7 63. Kg4 Kh6 64. Qh8+ Kg6 65. Qg8+ Kh6 66. Kf5 Qf7+ 67. Qxf7 1/2-1/2

[Event "Bangalore"]
[Site "Bangalore"]
[Date "1981.??.??"]
[Round "12"]
[White "Torre, Eugenio"]
[Black "Parameswaran, Tiruchi N"]
[Result "1-0"]
[WhiteElo "2525"]
[BlackElo "2320"]
[PlyCount "78"]
[EventDate "1981.07.??"]
[Source "ChessBase"]

1. d4 d5 2. c4 e6 3. Nc3 Nf6 4. Bg5 Be7 5. e3 O-O 6. Nf3 h6 7. Bxf6 Bxf6 8. Qd2 b6 9. Rd1 Bb7 10. cxd5 exd5 11. g3 Nd7 12. Bg2 Be7 13. O-O Re8 14. Ne1 Nf6 15. Nd3 a6 16. b4 a5 17. b5 Ba3 18. Qc2 Qe7 19. Ne5 Qe6 20. Ne2 Bd6 21. Nf4 Qe7 22. Nfd3 a4 23. Rc1 h5 24. h4 Ba3 25. Rb1 Bd6 26. Rfc1 Ne4 27. Nf4 g5 28. hxg5 Qxg5 29. Nxd5 Bxd5 30. Bxe4 Bxe4 31. Qxe4 Bxe5 32. dxe5 Qxe5 33. Qxe5 Rxe5 34. Rxc7 Ra5 35. Rc6 Rexb5 36. Rxb6 Rc5 37. R1b2 a3 38. Rd2 Kg7 39. Kg2 Rc4 1-0

[Event "Schwarzach op-A"]
[Site "Schwarzach"]
[Date "2000.08.22"]
[Round "4"]
[White "Zoler, Dan"]
[Black "Staller, Peter"]
[Result "1-0"]
[WhiteElo "2526"]
[BlackElo "2316"]
[PlyCount "70"]
[EventDate "2000.08.19"]
[Source "www.chesslib.no"]
[SourceDate "2004.05.04"]

1. d4 d5 2. c4 e6 3. Nc3 Nf6 4. Bg5 Be7 5. e3 O-O 6. Nf3 h6 7. Bxf6 Bxf6 8. Qd2 b6 9. Rc1 Bb7 10. cxd5 exd5 11. Be2 c6 12. O-O Nd7 13. Rfd1 Re8 14. Bf1 Nf8 15. g3 Ne6 16. Bg2 Ng5 17. Nxg5 Bxg5 18. h4 Bf6 19. b4 a6 20. a4 Be7 21. Rb1 b5 22. axb5 axb5 23. e4 Qd7 24. Qd3 Ra3 25. exd5 cxd5 26. Qxb5 Bc6 27. Qd3 Bb7 28. Qd2 Rc8 29. Rdc1 Rc4 30. Nd1 Bf6 31. Rxc4 dxc4 32. Bxb7 Qxb7 33. Ne3 Qe4 34. Rc1 Bxd4 35. Rxc4 Rxe3 1-0

[Event "Camaguey-B"]
[Site "Camaguey CUB"]
[Date "1987.??.??"]
[Round "?"]
[White "Matamoros Franco, Carlos S"]
[Black "Garcia Gonzales, Guillermo"]
[Result "0-1"]
[WhiteElo "2395"]
[BlackElo "2445"]
[PlyCount "96"]
[EventDate "1987.05.??"]
[Source "www.chesslib.no"]
[SourceDate "2004.05.04"]

1. d4 d5 2. c4 e6 3. Nc3 Nf6 4. Bg5 Be7 5. e3 O-O 6. Nf3 h6 7. Bxf6 Bxf6 8. Rc1 c6 9. a3 a6 10. Bd3 Nd7 11. O-O b5 12. cxd5 cxd5 13. e4 dxe4 14. Nxe4 Bb7 15. Re1 Nb6 16. Bb1 Bxe4 17. Rxe4 Rc8 18. Rxc8 Qxc8 19. Re1 Rd8 20. Qd3 g6 21. Qe3 Kg7 22. h4 Nc4 23. Qe4 Qa8 24. Qe2 h5 25. Ba2 Nd6 26. Rc1 Qb7 27. Bb1 Qb6 28. Rd1 Nc4 29. a4 Bxd4 30. Nxd4 Rxd4 31. axb5 axb5 32. b3 Rxd1+ 33. Qxd1 Qd6 34. Qe2 Qe5 35. Qd1 Na5 36. g3 Qc3 37. Bc2 Nc6 38. Bd3 Nd4 39. Bf1 b4 40. Bc4 Nf3+ 41. Kg2 Nd2 42. Qe2 Nxc4 43. bxc4 b3 44. Qe4 b2 45. Kh2 e5 46. Kg2 Qd4 47. Qc2 f5 48. Kh2 Qb6 0-1

[Event "IND-ch"]
[Site "New Delhi"]
[Date "2001.06.02"]
[Round "19"]
[White "Prakash, G B."]
[Black "Ravi, Lanka"]
[Result "0-1"]
[WhiteElo "2453"]
[BlackElo "2381"]
[PlyCount "71"]
[EventDate "2001.06.02"]
[Source "ChessBase"]
[SourceDate "2001.07.03"]

1. d4 d5 2. c4 e6 3. Nc3 Nf6 4. Bg5 Be7 5. e3 O-O 6. Nf3 h6 7. Bxf6 Bxf6 8. Rc1 c6 9. Bd3 Nd7 10. O-O dxc4 11. Bxc4 e5 12. h3 exd4 13. exd4 Nb6 14. Bb3 Bf5 15. Re1 Re8 16. Rxe8+ Qxe8 17. Qd2 Qd7 18. Qf4 g5 19. Qg3 a5 20. a4 Re8 21. Rd1 Kg7 22. h4 g4 23. Nh2 h5 24. Nf1 Bg6 25. Ne3 Qe7 26. Re1 Qb4 27. Nf5+ Bxf5 28. Rxe8 Qxb3 29. Qb8 Nd7 30. Qf4 Bg6 31. Qd6 Qxb2 32. Ne2 Qb1+ 33. Kh2 Qf5 34. Nf4 c5 35. Ne6+ fxe6 36. Qxd7+ 0-1

[Event "Wichern Open 3rd"]
[Site "Hamburg GER"]
[Date "1995.??.??"]
[Round "6"]
[White "Volke, Karsten"]
[Black "Martinovsky, Eugene"]
[Result "1-0"]
[WhiteElo "2440"]
[BlackElo "2340"]
[PlyCount "77"]
[EventDate "1995.09.??"]
[Source "www.chesslib.no"]
[SourceDate "2004.05.04"]

1. d4 d5 2. c4 e6 3. Nc3 Nf6 4. Bg5 Be7 5. e3 O-O 6. Nf3 h6 7. Bxf6 Bxf6 8. Rc1 c6 9. Bd3 Nd7 10. O-O dxc4 11. Bxc4 e5 12. Bb3 exd4 13. exd4 Re8 14. Qd2 Nf8 15. h3 Be6 16. Bc2 Bd5 17. Nxd5 Qxd5 18. Bb3 Qd6 19. Rcd1 Rad8 20. Qa5 Re2 21. Qxa7 Qc7 22. Qa3 Ng6 23. Bc4 Re7 24. g3 Red7 25. Qc5 Kh7 26. h4 b6 27. Qf5 Kh8 28. h5 Ne7 29. Qe4 Kg8 30. Bb3 Ra8 31. Rc1 Rad8 32. Rfd1 Qb7 33. Bc2 Kf8 34. Qh7 Bxd4 35. Nxd4 Rxd4 36. Rxd4 Rxd4 37. Qh8+ Ng8 38. Bh7 Rg4 39. Re1 1-0

[Event "IND-ch"]
[Site "New Delhi"]
[Date "2001.06.02"]
[Round "2"]
[White "Prakash, G B."]
[Black "Roy Chowdhury, Saptarshi"]
[Result "1-0"]
[WhiteElo "2453"]
[BlackElo "2306"]
[PlyCount "61"]
[EventDate "2001.06.02"]
[Source "ChessBase"]
[SourceDate "2001.07.03"]

1. d4 d5 2. c4 e6 3. Nc3 Nf6 4. Bg5 Be7 5. e3 O-O 6. Nf3 h6 7. Bxf6 Bxf6 8. Rc1 b6 9. cxd5 exd5 10. Bd3 Be6 11. O-O c6 12. Bb1 g6 13. h3 Bg7 14. Re1 f5 15. Ne2 Bf7 16. Qc2 Qd6 17. h4 h5 18. Nf4 Rc8 19. Ng5 Nd7 20. g4 hxg4 21. h5 Be8 22. hxg6 Nf6 23. Qxf5 Bd7 24. Nf7 Qb4 25. Qg5 Re8 26. Ne5 Rad8 27. Bf5 Bxf5 28. Qxf5 Qxb2 29. Rxc6 g3 30. fxg3 Rf8 31. Qe6+ 1-0

[Event "ch corr"]
[Site "Denmark ch corr"]
[Date "1979.??.??"]
[Round "?"]
[White "Lund, Jens Christian"]
[Black "Nielsen, Julius"]
[Result "1/2-1/2"]
[WhiteElo "2275"]
[BlackElo "2455"]
[PlyCount "131"]
[EventDate "1979.??.??"]
[Source "www.chesslib.no"]
[SourceDate "2004.05.04"]

1. d4 d5 2. c4 e6 3. Nc3 Nf6 4. Bg5 Be7 5. e3 O-O 6. Nf3 h6 7. Bxf6 Bxf6 8. Rc1 c6 9. Bd3 Nd7 10. cxd5 cxd5 11. O-O Nb6 12. Qb3 Bd7 13. e4 dxe4 14. Bxe4 Rb8 15. Ne5 Bc6 16. Rcd1 Bxe4 17. Nxe4 Be7 18. f4 Qd5 19. Qxd5 Nxd5 20. Nd7 Ne3 21. Nxb8 Rxb8 22. Rc1 Nxf1 23. Kxf1 Bd8 24. Ke2 Kf8 25. Kd3 Ke7 26. Nc3 Ba5 27. Re1 b5 28. b4 Bc7 29. Nd5+ Kd7 30. Nxc7 Kxc7 31. Rc1+ Kd7 32. Rc5 Rb6 33. Kc3 a6 34. g4 Kd6 35. Kd3 Kd7 36. Ke4 Rd6 37. h4 Rb6 38. h5 Rd6 39. g5 f6 40. gxf6 gxf6 41. a3 Ke7 42. Rc7+ Kf8 43. Ra7 Rd5 44. Rxa6 Ke7 45. Ra5 Rxh5 46. a4 Rh3 47. d5 exd5+ 48. Kxd5 bxa4 49. Ra7+ Kd8 50. Rxa4 Re3 51. Ra8+ Kd7 52. Ra7+ Kd8 53. b5 Rf3 54. Kc6 Rxf4 55. b6 Rc4+ 56. Kb7 Kd7 57. Ka8+ Ke6 58. b7 Rb4 59. Ra5 f5 60. b8=Q Rxb8+ 61. Kxb8 h5 62. Kc7 h4 63. Kc6 h3 64. Ra3 f4 65. Rxh3 Ke5 66. Kc5 1/2-1/2

[Event "Istanbul ol (Men)"]
[Site "Istanbul"]
[Date "2000.10.30"]
[Round "3"]
[White "Orr, Mark JL"]
[Black "Azarov, Sergei"]
[Result "1-0"]
[WhiteElo "2309"]
[BlackElo "2420"]
[PlyCount "45"]
[EventDate "2000.10.??"]
[Source "www.chesslib.no"]
[SourceDate "2004.05.04"]

1. d4 d5 2. c4 e6 3. Nc3 Nf6 4. Bg5 Be7 5. e3 O-O 6. Nf3 h6 7. Bxf6 Bxf6 8. Qd2 c6 9. O-O-O Na6 10. h4 dxc4 11. g4 e5 12. dxe5 Qxd2+ 13. Rxd2 Be7 14. Rg1 b5 15. g5 hxg5 16. hxg5 Rd8 17. Nd4 Bb7 18. f4 b4 19. Na4 c3 20. Rh2 cxb2+ 21. Kxb2 c5 22. Bxa6 Be4 23. Bd3 1-0

[Event "RUS-ch54 sf Siberia"]
[Site "Novosibirsk"]
[Date "2001.04.??"]
[Round "5"]
[White "Erikalov, A."]
[Black "Krivko, Yuri"]
[Result "1/2-1/2"]
[WhiteElo "2475"]
[BlackElo "2240"]
[PlyCount "46"]
[EventDate "2001.04.19"]
[Source "ChessBase"]
[SourceDate "2001.07.03"]

1. d4 d5 2. c4 e6 3. Nc3 Nf6 4. Bg5 Be7 5. e3 O-O 6. Nf3 h6 7. Bxf6 Bxf6 8. Rc1 c6 9. Bd3 Nd7 10. cxd5 exd5 11. O-O a5 12. Re1 Re8 13. e4 Nf8 14. h3 dxe4 15. Nxe4 Be6 16. Bb1 Bd5 17. Qd3 Bxe4 18. Rxe4 Rxe4 19. Qxe4 Qb6 20. b3 Rd8 21. Rd1 Rd5 22. Bd3 Qd8 23. a4 Rd6 1/2-1/2

[Event "SLO-chT"]
[Site "Bled"]
[Date "1996.??.??"]
[Round "6"]
[White "Jelen, Igor"]
[Black "Kovac, Boris"]
[Result "1-0"]
[WhiteElo "2415"]
[BlackElo "2285"]
[PlyCount "99"]
[EventDate "1996.??.??"]
[Source "ChessBase"]

1. d4 d5 2. c4 e6 3. Nc3 Nf6 4. Bg5 Be7 5. e3 O-O 6. Nf3 h6 7. Bxf6 Bxf6 8. Rc1 c6 9. Bd3 Nd7 10. O-O Re8 11. e4 dxc4 12. Bxc4 c5 13. e5 cxd4 14. exf6 dxc3 15. fxg7 cxb2 16. Rc2 Qf6 17. Bb5 Rd8 18. Qe2 a6 19. Bd3 Kxg7 20. Rxb2 b5 21. Be4 Ra7 22. Rd2 Rc7 23. Rfd1 Rg8 24. Bb1 Kf8 25. Kf1 Qg7 26. g3 Qf6 27. Rd4 Bb7 28. Rf4 Qe7 29. Be4 Nf6 30. Bxb7 Rxb7 31. Ne5 Rg5 32. Nc6 Qc7 33. Nd8 Re5 34. Qf3 Nd5 35. Nxb7 Qxb7 36. Re4 Nc3 37. Qf6 Rd5 38. Qh8+ Ke7 39. Rxd5 Qxd5 40. Qxc3 Qxe4 41. Qa3+ b4 42. Qxa6 Qh1+ 43. Ke2 Qd5 44. h4 Kf6 45. Qa7 Qc4+ 46. Ke1 Qc3+ 47. Kf1 Qa1+ 48. Kg2 b3 49. Qb8 bxa2 50. Qh8+ 1-0

[Event "NOR-ch"]
[Site "Gausdal"]
[Date "1985.??.??"]
[Round "1"]
[White "Ostenstad, Berge"]
[Black "Gausel, Einar"]
[Result "1-0"]
[WhiteElo "2365"]
[BlackElo "2325"]
[PlyCount "83"]
[EventDate "1985.??.??"]
[Source "ChessBase"]

1. d4 d5 2. c4 e6 3. Nc3 Nf6 4. Bg5 Be7 5. e3 O-O 6. Nf3 h6 7. Bxf6 Bxf6 8. Qd2 dxc4 9. Bxc4 Nd7 10. O-O c5 11. Rad1 cxd4 12. exd4 a6 13. a4 Qa5 14. Rfe1 Qb4 15. Bd3 Nb6 16. Bb1 Rd8 17. Qc2 g6 18. Ne5 Qf8 19. Ba2 Bxe5 20. dxe5 Rxd1 21. Qxd1 Nd7 22. Qd4 Qc5 23. Qf4 Kg7 24. h4 Qe7 25. Bb1 Rb8 26. h5 g5 27. Qe4 Nf8 28. Qe3 b5 29. axb5 axb5 30. Ne4 Bb7 31. Qd4 Ba8 32. Nd6 Rd8 33. f4 g4 34. Qf2 f5 35. Bxf5 Kh8 36. Bxg4 Nh7 37. Bf3 Bxf3 38. Qxf3 Qh4 39. Rf1 Rf8 40. Ne4 Ng5 41. Qg3 Qxh5 42. Nf6 1-0

[Event "Baden-Baden Open"]
[Site "Baden-Baden GER"]
[Date "1993.??.??"]
[Round "4"]
[White "Beikert, Guenther"]
[Black "Kroencke, Manfred"]
[Result "1-0"]
[WhiteElo "2415"]
[BlackElo "2275"]
[PlyCount "125"]
[EventDate "1993.08.??"]
[Source "www.chesslib.no"]
[SourceDate "2004.05.04"]

1. d4 d5 2. c4 e6 3. Nc3 Nf6 4. Bg5 Be7 5. e3 O-O 6. Nf3 h6 7. Bxf6 Bxf6 8. cxd5 exd5 9. Bd3 c5 10. dxc5 Bxc3+ 11. bxc3 Qa5 12. O-O Qxc5 13. Qd2 Nd7 14. Rab1 Nf6 15. Rfc1 Qe7 16. Qb2 Ne4 17. Qb4 Nc5 18. Rd1 Qc7 19. Bc2 Be6 20. Nd4 b6 21. Rbc1 Qe5 22. Ne2 Rac8 23. Qf4 Qxf4 24. Nxf4 Rfd8 25. Kf1 g5 26. Ne2 Kg7 27. Rd4 Rd7 28. Rcd1 Rdc7 29. f3 Bd7 30. Kf2 Bb5 31. Bf5 Bxe2 32. Kxe2 Re8 33. Kd2 Rce7 34. Re1 Re5 35. g4 Nb7 36. Bd7 Rd8 37. Bc6 Na5 38. Bb5 Rc8 39. Rb1 Nc4+ 40. Bxc4 dxc4 41. a4 Ra5 42. Rb4 b5 43. axb5 Ra2+ 44. Ke1 Rxh2 45. Rbxc4 Rb8 46. Rb4 Rc2 47. c4 a6 48. b6 a5 49. Rb5 a4 50. c5 a3 51. Ra5 a2 52. Rda4 Rc8 53. Rxa2 Rxa2 54. Rxa2 Rxc5 55. Rb2 Rc8 56. b7 Rb8 57. Kd2 h5 58. gxh5 Kh6 59. e4 Kxh5 60. Ke3 Kh4 61. Kd4 Kg3 62. Rb3 Kf4 63. Kd5 1-0

[Event "IND Ch"]
[Site "Indianapolis, IN USA"]
[Date "1988.??.??"]
[Round "?"]
[White "Ravi, Lanka"]
[Black "Babu, N Sudhakar"]
[Result "1/2-1/2"]
[WhiteElo "2320"]
[BlackElo "2325"]
[PlyCount "50"]
[EventDate "1988.??.??"]
[Source "www.chesslib.no"]
[SourceDate "2004.05.04"]

1. d4 d5 2. c4 e6 3. Nc3 Nf6 4. Bg5 Be7 5. e3 O-O 6. Nf3 h6 7. Bxf6 Bxf6 8. Qc2 Na6 9. a3 c5 10. cxd5 cxd4 11. Nxd4 Bxd4 12. exd4 Nc7 13. Bc4 exd5 14. Be2 Qg5 15. O-O Bh3 16. Bf3 Ne6 17. Nxd5 Nxd4 18. Qe4 Nxf3+ 19. Qxf3 Bd7 20. Ne3 Qb5 21. Qd5 Rfd8 22. Rfd1 Qxd5 23. Rxd5 Ba4 24. Rc1 Rxd5 25. Nxd5 Rd8 1/2-1/2

[Event "CSR Ch U18"]
[Site "Pardubice CZE"]
[Date "1991.??.??"]
[Round "?"]
[White "Cech, Pavel"]
[Black "Polak, Tomas"]
[Result "0-1"]
[WhiteElo "2315"]
[BlackElo "2330"]
[PlyCount "58"]
[EventDate "1991.??.??"]
[Source "www.chesslib.no"]
[SourceDate "2004.05.04"]

1. d4 d5 2. c4 e6 3. Nc3 Nf6 4. Bg5 Be7 5. e3 O-O 6. Nf3 h6 7. Bxf6 Bxf6 8. h4 dxc4 9. g4 g6 10. Qc2 Bg7 11. O-O-O Nd7 12. Ne5 c5 13. f4 cxd4 14. exd4 Qc7 15. Bg2 Rb8 16. Rhe1 b5 17. d5 Nxe5 18. d6 Qb6 19. fxe5 b4 20. Nb1 Bd7 21. Nd2 b3 22. axb3 cxb3 23. Qd3 Qa5 24. Nc4 Rfc8 25. Re4 Rb4 26. Bf1 Bxe5 27. Qb1 Bf6 28. g5 hxg5 29. h5 g4 0-1